[Event "Reykjavik zt"]
[Site "Reykjavik"]
[Date "1995.??.??"]
[Round "11"]
[White "Hansen, Sune Berg"]
[Black "Akesson, Ralf"]
[Result "1-0"]
[WhiteElo "2460"]
[BlackElo "2500"]
[Annotator "Horn,Pe"]
[PlyCount "69"]
[EventDate "1995.03.??"]
[EventType "swiss"]
[EventRounds "11"]
[EventCountry "ISL"]
[SourceTitle "CBM 047"]
[Source "ChessBase"]
[SourceDate "1995.08.01"]
[SourceVersion "1"]
[SourceVersionDate "1995.08.01"]
[SourceQuality "1"]

1. e4 c5 2. Nf3 e6 3. d3 Nc6 4. g3 d5 5. Nbd2 Nf6 6. Bg2 Be7 7. O-O b6 8. Re1
Bb7 9. Qe2 Qc7 10. c3 h6 11. a3 O-O-O 12. b4 (12. e5 Nd7 13. b4 g5 $13) 12...
dxe4 {Generally speaking, this is not a good bargain for Black: Pd5 against
Pd3.} (12... c4 $5 13. exd5 cxd3 14. Qxd3 Nxd5 (14... Rxd5 $5 15. Qc2 Rd7 $13)
15. Qc2 Bf6 16. Bb2 Kb8 (16... e5 17. c4) 17. c4 (17. Ne4 $5 Ne5 $2 18. Nxe5
Bxe5 19. c4 $16 {Mestel-Hoi/Esbjerg/1981}) 17... Bxb2 18. Qxb2 Nf6 19. c5 $40 {
Psakhis-Nikitin/Berlin/1990}) (12... g5 13. b5 Na5 14. exd5 Nxd5 15. Bb2 Bf6
16. Ne4 c4 17. Nxf6 Nxf6 18. d4 g4 19. Nh4 $13 {J.Pribyl-Prandstetter/Sumperk/
1984}) 13. dxe4 Nd7 14. e5 g5 15. Nc4 Ncb8 $146 (15... Kb8 16. b5 Na5 17. Nfd2
Nxc4 18. Nxc4 Bxg2 19. Kxg2 $14 {Ermolinski-Anastasian/URS/1985}) 16. b5 Nf8
17. a4 Bd5 18. a5 Ng6 19. axb6 axb6 20. Nd6+ $1 (20. Bb2 $14) 20... Bxd6 21.
exd6 Qxd6 22. c4 Bb7 23. Bb2 Rhg8 (23... Rhe8 24. Ne5 Nxe5 25. Bxb7+ Kxb7 26.
Bxe5 Qd3 27. Qa2 Kc8 28. Qa8 $18) 24. Ne5 Bxg2 25. Kxg2 (25. Nxf7 $1 Qd7 26.
Nxd8 Nf4 27. Qd1 $16) 25... Qc7 26. Qf3 g4 $2 (26... Rd2 27. Ra8 Qb7 (27...
Rxb2 28. Nc6) 28. Qc6+ Qxc6+ 29. Nxc6 Kc7 30. Ra7+ Kc8 31. Be5 $40) (26... Nxe5
27. Bxe5 g4 (27... Qb7 28. Ra8 Qxf3+ 29. Kxf3 Kb7 30. Rea1 $18) 28. Qf4 Qb7+
29. Kg1 Rg5 30. Rad1 $44) 27. Qxf7 Qxf7 28. Nxf7 Rd2 29. Bc3 (29. Bc1 Rc2 30.
Rxe6 $18) 29... Rc2 (29... Rd7 $5 $18) 30. Red1 (30. Nd6+ $142 Kd8 (30... Kd7
31. Ra7+ Kxd6 32. Rd1+ $18) 31. Bf6+ Ne7 32. Ra8 $18) 30... Rf8 (30... Rxc3 31.
Nd6+ Kd8 (31... Kc7 32. Ra7+) 32. Ne4+ $18) 31. Nd6+ Kd8 32. Ne4+ Nd7 33. Ra7
Rf7 34. Bf6+ Kc8 35. Nd6+ 1-0

[Event "Groningen op"]
[Site "Groningen"]
[Date "1990.??.??"]
[Round "1"]
[White "Davies, Nigel Rodney"]
[Black "Russek Libni, Guil"]
[Result "1-0"]
[WhiteElo "2485"]
[BlackElo "2320"]
[Annotator "Horn,Pe"]
[PlyCount "83"]
[EventDate "1990.??.??"]
[EventType "swiss"]
[EventRounds "9"]
[EventCountry "NED"]
[SourceTitle "CBM 022"]
[Source "ChessBase"]
[SourceDate "1991.06.01"]
[SourceVersion "1"]
[SourceVersionDate "1991.06.01"]
[SourceQuality "1"]

1. Nf3 Nf6 2. g3 d5 3. Bg2 e6 4. O-O Be7 5. d3 c5 6. Nbd2 Nc6 7. e4 b6 8. Re1
Bb7 9. Qe2 Qc7 10. c3 dxe4 $6 {Dieser Tausch ist fast nie gut.} (10... O-O-O) (
10... h6 $5) 11. dxe4 O-O 12. e5 Nd7 13. Nf1 Rad8 14. h4 $16 Ndb8 15. Bg5 h6
16. Bf4 Ba6 17. Qe3 Bd3 (17... Rd3 18. Qe4) 18. N1h2 Bf5 $6 (18... Bh7 19. Ng4
$5) 19. g4 Bh7 20. Nf1 Rfe8 21. Ng3 Bf8 22. g5 hxg5 23. Nxg5 Ne7 24. Nxh7 Kxh7
25. Be4+ g6 26. Qf3 Kg8 27. h5 Bg7 28. hxg6 Nxg6 29. Bxg6 fxg6 30. Ne4 Qf7 (
30... Bxe5 $4 31. Nf6+ $18) 31. Qg3 Rf8 32. Bg5 Rd5 33. f4 $18 Qf5 34. Re2 Nd7
35. Rae1 Nxe5 {Verzweiflung} 36. fxe5 Bxe5 37. Qg2 Rd3 38. Rf2 Qh3 39. Qxh3
Rxh3 40. Bf6 Bg3 41. Nxg3 Rxg3+ 42. Kh2 1-0

[Event "EU-chT (Men) 12th"]
[Site "Batumi"]
[Date "1999.12.07"]
[Round "9.1"]
[White "Claesen, Pieter"]
[Black "Muir, Andrew Joseph"]
[Result "0-1"]
[WhiteElo "2403"]
[BlackElo "2318"]
[Annotator "Horn,Pe"]
[PlyCount "86"]
[EventDate "1999.11.06"]
[EventType "team-swiss"]
[EventRounds "9"]
[EventCountry "GEO"]
[SourceTitle "CBM 074"]
[Source "ChessBase"]
[SourceDate "2000.02.01"]
[SourceVersion "1"]
[SourceVersionDate "2000.02.01"]
[SourceQuality "1"]
[WhiteTeam "Belgium"]
[BlackTeam "Scotland"]
[WhiteTeamCountry "BEL"]
[BlackTeamCountry "SCO"]

1. Nf3 Nf6 2. g3 d5 3. Bg2 e6 4. O-O Be7 5. d3 O-O 6. Nbd2 c5 7. e4 Nc6 8. Re1
b5 9. e5 Nd7 10. Nf1 a5 11. h4 b4 12. Bf4 Ba6 13. N1h2 a4 14. Rc1 a3 (14... Rc8
15. Ng5 Qe8 16. Qh5 Bxg5 17. Qxg5 b3 18. axb3 axb3 19. Ng4 Qd8 20. c4 Qxg5 21.
hxg5 Nb4 $132 {Urban,J-Uhlmann,W/Germany 1991}) 15. b3 Rc8 (15... Na7 16. Ng5
Nb5 17. Qh5 h6 18. Ngf3 Qe8 19. Qg4 Kh8 20. Bf1 Nb8 $13 {Polugaevsky,L-Guyot,P/
FRA 1993}) 16. Ng4 $146 (16. Ng5 Qe8 (16... Nd4 17. Bh3 Rc6 18. Qh5 h6 19. Ngf3
$13 {Cheremishin-Chumak/URS/1976}) 17. Qh5 Bxg5 18. Qxg5 Kh8 19. h5 f6 20. exf6
gxf6 21. Qh4 $13 {Davies-Plaskett/Manchester/1983}) 16... Nd4 17. Nxd4 (17. c3
$5) 17... cxd4 18. Nh2 Qc7 19. Qg4 (19. Qd2) (19. Bxd5 $5 exd5 20. e6 Bd6 $11)
19... Kh8 20. Nf3 (20. Bxd5 $2 exd5 21. e6 Nf6 $19) 20... Qc3 {[%cal Rc3b2]}
21. Bg5 (21. Bd2 $5 Qb2 22. Qxd4 Rxc2 23. Rxc2 Qxc2 24. Bxb4 Bxb4 (24... Bc5
25. Bxc5 Nxc5) 25. Qxb4 Qxa2 26. Bf1) 21... Bxg5 22. Nxg5 h6 23. Nf3 $2 (23.
Nxf7+ {war die konsequente Fortsetzung. Schwarz hat jedenfalls mindestens ein
sicheres Remis:} Rxf7 24. Qxe6 Rcf8 (24... Nxe5) 25. Qxa6 Rxf2 26. Qd6 Qd2 27.
Bxd5 (27. Qxd5 Nxe5 $17) 27... Rh2 28. Rf1 Rff2 29. Qc6 Qe3 30. Qa8+ Nf8 31.
Qxf8+ Rxf8+ 32. Kxh2 Qe2+ 33. Kg1 Rxf1+ 34. Rxf1 Qxe5 35. Rf8+ Kh7 36. Bg8+ Kg6
37. Bf7+ Kh7 $11) 23... Qb2 24. Qxd4 Rxc2 25. Rxc2 Qxc2 26. Qxb4 Qxa2 {[%csl
Ga3] Gegenüber der Variante 21.Bd2 hat Schwarz seltsamerweise den Zug h7-h6
umsonst bekommen; darüber ist er bestimmt nicht traurig.} 27. Qd6 (27. Bf1 Ra8
$17) 27... Bb5 28. Nd4 Qd2 29. Rf1 (29. Nf3 Qb2 $19) 29... Bxd3 $19 30. Ra1 (
30. Qxd7 Bxf1 $19) 30... Qb2 {Verlängert das Spiel ein wenig.} (30... a2 $142
$19) 31. Rxa3 Qxd4 32. Qxd7 Qxe5 33. b4 Qe1+ 34. Kh2 Bc4 35. Rf3 Kg8 36. Qd6
Qd2 37. Rf4 Bd3 38. Bh3 Qe2 39. Bg4 Qe1 40. Bh5 Be4 41. f3 Qf2+ 42. Kh3 Qf1+
43. Kh2 Ra8 0-1

[Event "Penta Media GM"]
[Site "Kelamabakkam"]
[Date "2000.08.16"]
[Round "3"]
[White "Sasikiran, Krishnan"]
[Black "Reefat, Bin Sattar"]
[Result "1-0"]
[WhiteElo "2573"]
[BlackElo "2467"]
[Annotator "Horn,Pe"]
[PlyCount "103"]
[EventDate "2000.08.14"]
[EventType "tourn"]
[EventRounds "12"]
[EventCountry "IND"]
[EventCategory "11"]
[SourceTitle "CBM 079"]
[Source "ChessBase"]
[SourceDate "2000.11.21"]
[SourceVersion "1"]
[SourceVersionDate "2000.11.21"]
[SourceQuality "1"]

1. Nf3 e6 2. g3 Nf6 3. Bg2 d5 4. O-O Be7 5. d3 c5 6. Nbd2 Nc6 7. e4 b5 8. Re1
O-O 9. e5 Nd7 10. Nf1 a5 11. h4 b4 12. Bf4 a4 13. a3 bxa3 14. bxa3 Nd4 ({
Der Hauptzug ist} 14... Ba6) 15. c4 $1 (15. Ne3 Ba6 (15... Rb8 16. Ng4 Qa5 17.
Nxd4 cxd4 18. Qc1 Ba6 19. Bg5 Qd8 $13 {Manescu,T-Stoica,L/Eforie Nord 1998})
16. c4 dxc4 17. Nxd4 cxd4 18. Nxc4 Rc8 19. g4 $6 Kh8 $132 {Bletz,H-Sieglen,J/
Germany 1986}) (15. Nxd4 cxd4 16. Qg4 {Kersten,A-Schoebel,W/Hessen 1991} f5 $5)
15... Nb6 $2 (15... Nxf3+ $142 16. Qxf3) 16. Nxd4 cxd4 17. Qg4 $16 {[%csl Rd4]
[%cal Rf4h6] Neben Bh6 muß Schwarz sich mit der Schwäche von Pd4
auseinandersetzen.} Kh8 (17... f5 18. exf6 Bxf6 19. Be5 $16) 18. Bg5 f6 $2 $146
(18... Bxg5 19. hxg5 Ra5 20. Rad1 $1 Qe7 $6 (20... dxc4 21. dxc4 Qc7 22. Rxd4
Rxe5 23. Qf4 Rc5 24. Qxc7 Rxc7 25. Ne3 $16) (20... Ba6 $142 21. Qxd4 dxc4 22.
Qxd8 Rxd8 23. dxc4 $16) 21. Qxd4 $16 {Kristiansen,J-Jakobsen,L/Aalborg 1995})
19. exf6 gxf6 (19... Bxf6 20. c5 $1 Bxg5 (20... e5 21. Qh5 Bxg5 22. hxg5 Nd7
23. c6 $16) (20... Nd7 21. Qxe6 Nxc5 22. Qc6 $16) 21. hxg5 Nd7 22. Rac1 $16)
20. Bh6 Rg8 21. Qxd4 $16 e5 22. Qb2 Rb8 23. cxd5 {Schwarz hat keinen
wirklichen Ersatz für das verlorene Material.} Nd7 24. Qc2 Nc5 25. Rad1 (25.
Nd2) 25... Bg4 26. d4 Bxd1 27. Qxd1 (27. Rxd1) 27... Nb3 (27... exd4 28. Qxd4
Rb3 29. Re3 $16) 28. dxe5 fxe5 29. Rxe5 Bxa3 30. Re4 Rb4 31. Nd2 (31. Bg5 Rxg5
32. hxg5 Rxe4 33. Bxe4 Qxg5 34. d6 $18) 31... Nd4 (31... Rxe4 32. Nxe4 Bf8) 32.
Nc4 (32. Bf4) 32... Rxc4 33. Rxd4 Rc8 34. Rxa4 Bb2 35. Be3 Rg7 36. Kh2 Be5 37.
Re4 Bf6 38. Qh5 Qf8 39. Rf4 (39. Bh6 $18) 39... Qd6 40. Bh3 Ra8 41. Be6 Be5 42.
Rf3 Qb8 $2 43. Bh6 Bxg3+ 44. Kh3 (44. fxg3) 44... Be5 45. Bxg7+ Bxg7 46. Bf5
Qg8 47. d6 h6 48. d7 Bf8 49. Bg4 Rd8 50. Qe8 Bg7 51. Re3 Bf6 52. Qh5 1-0

[Event "St Petersburg-Moscow"]
[Site "St Petersburg"]
[Date "2003.05.05"]
[Round "2"]
[White "Loginov, Valery A"]
[Black "Kosyrev, Vladimir"]
[Result "1-0"]
[WhiteElo "2540"]
[BlackElo "2530"]
[Annotator "Horn,Pe"]
[PlyCount "73"]
[EventDate "2003.05.03"]
[EventType "team"]
[EventRounds "2"]
[EventCountry "RUS"]
[SourceTitle "CBM 095"]
[Source "ChessBase"]
[SourceDate "2003.07.25"]
[SourceVersion "1"]
[SourceVersionDate "2003.07.25"]
[SourceQuality "1"]

1. Nf3 d5 2. g3 Nf6 3. Bg2 e6 4. O-O Be7 5. d3 b6 6. Nbd2 Bb7 7. e4 c5 8. c3
Nc6 9. Re1 Qc7 10. Nf1 O-O-O 11. Bf4 {Wegen dieses Zuges ist die 0-0-0 recht
gewagt.} Qd7 (11... e5 12. Nxe5 $1 (12. exd5 exf4 13. dxc6 Bxc6 14. Bh3+ Kb8
15. Ne5 {Ribeiro,R-Malarkey,J/Moscow 1994} Bd5 $5) 12... Nxe5 13. d4 dxe4 (
13... Nxe4 14. Bxe5 Bd6 15. Bxd6 {Das ist einfacher als} (15. Bxg7 Rhg8 16. Be5
Bxe5 17. dxe5 {Iordachescu,V-Munteanu,A/Bucharest 1993}) 15... Qxd6 16. Qg4+
Kb8 17. Qxg7 $16 {Nevednichy,V-Belkhodja,S/Agneaux 1999}) 14. Bxe5 Bd6 15. Bxf6
gxf6 16. Qg4+ (16. Qa4 $5) 16... Kb8 17. Bxe4 Bc8 18. Qf3 h5 {Skripchenko
Lautier,A-Ursuleac,V/ROM 1992} 19. h4 $16) 12. Qa4 (12. e5 Nh5 $1 (12... Ne8
13. h4 Nc7 14. d4 cxd4 15. cxd4 Ba6 16. Re3 $16 {Aldama,D-Lesiege,A/Cuba 1993})
13. Bd2 g6 14. a3 (14. b4 $5) 14... h6 15. h4 Ng7 16. g4 (16. b4) 16... Rdg8
$132 {Partac,E-Hari,V/Balatonlelle 2000}) 12... h6 (12... a6 {lockert die
Stellung am Damenflügel.} 13. Qb3 b5 14. a4 c4 15. Qa2 $36 {Sulava,N-Franic,M/
Porec 1998}) 13. h4 ({Weniger überzeugend ist} 13. Rac1 g5 14. Be3 Kb8 $132 {
Tsifanskaya,L-Misanovic,V/Zagreb 1993}) 13... Rdg8 $146 (13... Nh5 14. Be3 Kb8
15. Rad1 f5 16. Bc1 Rhf8 17. exd5 exd5 18. Ne5 Nxe5 19. Qxd7 Rxd7 20. Rxe5 Bd6
21. Re6 f4 $132 {Herbst,D-Pilaj,H/Oberpullendorf 2002}) 14. b4 Ng4 (14... g5
15. hxg5 hxg5 16. Bxg5 dxe4 17. dxe4 Ne5 18. Qxd7+ Nexd7 19. N1d2 $16) 15. exd5
exd5 16. b5 Na5 17. Bh3 $1 f5 18. Bxg4 fxg4 19. Ne5 Qe8 (19... Qf5 20. Ne3 Qh5
21. Nc6 $16) 20. Ng6 Qxg6 21. Rxe7 Qh5 (21... Qxd3 22. Rc7+ Kd8 (22... Kb8 23.
Rd1 $18) 23. Rxb7 Nxb7 24. Qxa7 $18) 22. d4 $1 c4 (22... g5 23. dxc5 gxf4 $2
24. Qxf4 $18) 23. Qa3 $18 Rd8 24. Rae1 g5 25. hxg5 (25. Rg7 $5) 25... hxg5 26.
Rc7+ Kb8 27. Rh7+ gxf4 28. Rxh5 Rxh5 29. Qe7 Rhh8 (29... Rdh8 30. Qd6+ Ka8 31.
Qxf4 $18) 30. gxf4 Bc8 31. Ng3 Nb7 32. Re5 Nd6 33. Rxd5 Bb7 34. Rxd6 Rde8 35.
Qe5 Rxe5 36. dxe5 Bf3 37. e6 1-0

[Event "St Petersburg-ch"]
[Site "St Petersburg"]
[Date "1998.04.19"]
[Round "12"]
[White "Kochyev, Alexander"]
[Black "Shaposhnikov, Evgeny"]
[Result "1-0"]
[WhiteElo "2430"]
[BlackElo "2415"]
[Annotator "Horn,Pe"]
[PlyCount "71"]
[EventDate "1998.04.07"]
[EventType "tourn"]
[EventRounds "13"]
[EventCountry "RUS"]
[EventCategory "10"]
[SourceTitle "CBM 065"]
[Source "ChessBase"]
[SourceDate "1998.08.06"]
[SourceVersion "1"]
[SourceVersionDate "1998.08.06"]
[SourceQuality "1"]

1. Nf3 {Baburin} Nf6 2. g3 d5 3. Bg2 e6 4. O-O Be7 5. d3 O-O 6. Nbd2 c5 7. e4
Nc6 8. Re1 b5 9. e5 Nd7 10. Nf1 a5 11. h4 {Baburin: This is a standard plan
for such positions - White wants to weaken the residence of the black king by
advancing this pawn to h6. There the pawn would will stick like a bone in
Black´s throat, creating various tactical possibilities for White. It´s my
understanding that because of this plan, Black usually tries to avoid castling
kingside too early.} b4 12. h5 {wird z.Z. von ECO als Nebenvariante geführt.
Kochyev ist ein Kenner des Königsindischen Angriffs; deswegen ist seine
Entscheidung sehr interessant.} (12. Ng5) (12. N1h2) ({Baburin: A classic
example of White´s play in this system is the game  Fischer-Miagmarsuren,
Sousse izt 196, which continued:} 12. Bf4 {Baburin} a4 13. a3 bxa3 14. bxa3 Na5
15. Ne3 Ba6 16. Bh3 d4 17. Nf1 Nb6 18. Ng5 Nd5 19. Bd2 Bxg5 20. Bxg5 Qd7 21.
Qh5 Rfc8 22. Nd2 Nc3 23. Bf6 Qe8 24. Ne4 g6 25. Qg5 Nxe4 26. Rxe4 c4 27. h5
cxd3 28. Rh4 Ra7 29. Bg2 dxc2 30. Qh6 Qf8 31. Qxh7+ $3) 12... Ba6 (12... a4 $5)
13. h6 g6 14. Bf4 a4 15. a3 {Baburin: It´s important to stop Black´s further
expansion on the quenside.} Bb5 (15... bxa3 16. bxa3 Rb8 {Uhlmann hat in
einigen Partien auf a3 in dieser Weise reagiert; es handelte sich allerdings
nicht genau um diese Stellung (Weiß hatte nicht so früh den Ph4 vorangetrieben)
. Mir scheint die Öffnung der b-Linie durchaus zu den schwarzen Interessen zu
passen.}) 16. N1h2 Rc8 (16... Ra6 {Aus den weiteren Bewegungen des Ra6 wird
der Sinn dieses Zuges nicht recht deutlich.} 17. Ng4 Rb6 18. Qd2 Kh8 19. Rad1
Rb7 20. Bf1 Nb6 21. Bg5 bxa3 22. bxa3 d4 23. Bxe7 Nxe7 24. Ng5 Ned5 25. Nf6 {
! Hawkes} Nxf6 26. exf6 Qxf6 (26... Bc6 $5 {Der Pf6 ist eh nicht zu
verteidigen.}) 27. Bg2 Rbb8 28. Rb1 Nd7 $2 (28... Nd5) 29. Rxb5 Rxb5 30. Bc6
Rb6 (30... Ne5 31. Bxb5 Qxg5 32. Qxg5 Nf3+ 33. Kg2 Nxg5 34. f4 $18) 31. Bxd7
$18 {Graham,D-Crombleholme,A/BPCF Open Final/1989}) 17. Ng4 {2 aus 2 mit
diesem Zug: da kann man sich nicht beklagen. Ich bin aber nicht sicher, ob die
weniger erfolgreiche Alternative wirklich schlechter ist.} (17. Qc1 {[%cal
Yf4g5]} Nd4 18. axb4 Nxf3+ 19. Nxf3 cxb4 20. Qd2 a3 21. bxa3 bxa3 22. Bg5 {
Man beachte, daß Weiß diesen Zug durchsetzen konnte, weil er mit dem Nh2 auf
f3 wiedernehmen konnte.} Bxg5 (22... Ra8 23. Reb1) 23. Nxg5 Qe7 {Bis zu zu
diesem Zeitpunkt macht das Spiel beider Parteien einen logischen Eindruck; ab
dem nächsten Zug gibt es allerlei Alternativen zu bedenken.} 24. Nf3 Qc5 25.
Qf4 Ra8 (25... Qxc2 26. Nd4 Qa4 27. Nxb5 Qxb5 28. Rxa3 $14) 26. Ra2 Ra4 27. Qd2
Bc6 28. c3 d4 29. cxd4 Qa7 $13 {Haik,A-Gruenfeld,J/Biel JMT/1986}) 17... c4 (
17... Nd4 $5 {Mir gefällt dieser Zug besser: er harmoniert gut mit Rc8. Mit
dem Tausch des Nf3 fällt es Weiß auch schwer, seinen Plan des Abtauschs der
weißfeldrigen B durchzuführen.} 18. axb4 (18. Nxd4 cxd4 19. axb4 Bxb4 20. Re2)
18... Nxf3+ 19. Qxf3 cxb4 20. Rec1 a3 21. bxa3 bxa3 {Es lohnt sich durchaus,
diese Position mit der Partie Haik-J.Gruenfeld zu vergleichen. Mein Eindruck:
Weiß hat hier weniger günstige Aussichten als in der genannten Partie.}) 18. d4
c3 19. bxc3 bxa3 {Wieder hat Schwarz einen Freibauern auf a3 plazieren können;
die zusätzlichen Pa4/Pc3 (gegenüber Haik-Gruenfeld) kommen Weiß zugute, da der
Pa3 nicht von hinten durch einen R unterstützt werden kann.} 20. Qd2 $146 {
[%cal Yf4g5] Der Abtausch der schwarzfeldrigen B gehört zu den Schablonen in
diesen Mittelspielstellungen. Hier kann der Bf4 neben dem üblichen Weg über g5
auch den Weg über a3 wählen:} (20. Bc1 {[%cal Yc1a3]} Na5 21. Bxa3 Bxa3 22.
Rxa3 Qe7 (22... Nc4 23. Ra1 a3 24. Nd2) 23. Ra1 a3 (23... Ra8) (23... Rxc3 $2
24. Qd2 Rfc8 25. Reb1 $18) 24. Qb1 Rb8 25. Qb4 Qxb4 26. cxb4 Nc4 27. Bf1 f5 28.
Nf6+ Nxf6 29. exf6 Nd6 $2 (29... Rxf6 30. Bxc4 Bxc4 31. Rxa3 Rxb4 32. Ng5 $16)
30. Rxe6 $18 {Kristiansen,J-Sorensen,T/Lyngby op/1989}) 20... Na5 21. Bg5 Bxg5
22. Nxg5 Qe7 (22... Nc4 23. Qf4) 23. Reb1 {Das ist ein bekanntes Thema in
vergleichbaren Mittelspielstellungen: nach dem Tausch der schwarzfeldrigen B
sind die schwarzen Kräfte mit der Bewachung der schwarzfeldrigen Schwächen
gebunden. Weiß sucht dann Fortschritte am anderen Flügel. Das langfristige
Ziel bleibt aber der gefährdete Kg8.} Rb8 24. Qf4 Nc4 {Der Nc4 steht durchaus
imponierend. Die schwarzen Positionen am Damenflügel lassen sich aber nicht
verstärken; im Gegenteil: der N muß damit rechnen, vom Bg2 abgetauscht zu
werden.} (24... Bc4 {Der Plan Pa2 läßt sich nicht verwirklichen:} 25. Rxb8 Rxb8
26. Rxa3 $1 $16) 25. Rb4 {[%cal Yg2f1]} Rb6 (25... Ba6 $6 26. Rxa4) 26. Bf1
Rfb8 27. Kh2 {Es zeigt sich, daß Schwarz keine nützlichen Züge hat. Kh2
vermeidet ein gelegentliches R-schach auf der Grundreihe.} (27. Bxc4 Bxc4 28.
Rxa3 Bb5 $16 (28... Rxb4 29. cxb4 Bb5 (29... Rxb4 30. Rf3 $18 (30. Rf3 Bb5 $14)
) 30. Rf3 Rf8 31. Rc3 Bc4 (31... Qxb4 $2 32. Nf6+ $18) 32. Ne4 $40)) 27... Nb2
{Sucht den Nb2 zu behalten.} (27... Qf8 28. Bxc4 Bxc4 29. Rxa4 (29. Rxa3 $5)
29... a2 30. Rxc4 dxc4 31. Rxa2 Rb2 32. Ra4 $16 Rxc2 $2 33. Ra7 Rd8 34. Rxd7
Rxd7 35. Nf6+ $18) (27... R8b7 28. Bxc4 Bxc4 29. Rxa4 {Dieser Zug wurde durch
27.Kh2 ermöglicht.} (29. Rxa3 Bb5 (29... Be2 30. Rxb6 Rxb6 31. Rxa4 Bxg4 32.
Ra8+ Rb8 33. Rxb8+ Nxb8 34. Qxg4 $18)) 29... a2 30. Ne4 (30. Rxc4 dxc4 31. Rxa2
Rb2 32. Ra8+ Rb8 $8 33. Ra4 $16 {[%cal Ya4c4,Yg5e4]} Rxc2 $140 $2 34. Ra7 $18 {
[%csl Gf6]}) 30... Rb8 (30... Rb1 31. Ngf6+ Nxf6 32. Nxf6+ Kh8 33. Nd7 $1 $18)
(30... dxe4 31. Rxc4 $18) 31. Ngf6+ Nxf6 32. Nxf6+ Kh8 33. Nd7 $1 $18) 28. Bxb5
Rxb5 29. Rxa3 R8b7 (29... Rxb4 30. cxb4 Rxb4 31. Rf3 $1 Rxd4 $8 32. Qxf7+ Qxf7
33. Rxf7 Rxg4 34. Rg7+ Kf8 (34... Kh8 35. Nf7#) 35. Nxh7+ Ke8 36. Rxd7 Kxd7 37.
Nf6+ Kc7 38. h7 a3 39. h8=Q a2 40. Qg7+ Kb6 41. Nd7+ $1 $18 {[%cal Yg7f8]} (41.
Nxg4)) 30. Rxb5 Rxb5 31. c4 $1 {[%cal Ra3f3]} Nxc4 ({Baburin: After} 31... dxc4
{Baburin} 32. Rf3 {the f7-square collapses.}) 32. Rxa4 (32. Rf3 $18) 32... Ra5
33. Rb4 {[%cal Rb4b7]} Ra7 (33... Ncb6 34. Nf6+ (34. Rxb6 Nxb6 35. Qf6 $16)
34... Nxf6 35. Rxb6 Ne8 (35... Nd7 36. Rb7 $18) 36. Rb8 Qf8 37. Rb7 $18 Qxh6+
38. Kg2 Ra8 39. Qxf7+ Kh8 40. Qe7 Qg7 41. Nf7+ Kg8 42. Qxe6 $18) 34. Nf6+ Nxf6
35. Qxf6 Qf8 (35... Qxf6 36. Rb8+ Qd8 37. Rxd8#) 36. Rb8 {[%cal Rf6g7]} 1-0